| 000 | 01817nam a2200265Ii 4500 | ||
|---|---|---|---|
| 008 | 221202s xx 000 0 und d | ||
| 245 | 0 | _aArts-Based Methods for Decolonising Participatory Research | |
| 264 |
_bTaylor & Francis _c2021 |
||
| 300 | _a1 online resource (278 pages) | ||
| 336 |
_atext _btxt _2rdacontent |
||
| 337 |
_acomputer _bc _2rdamedia |
||
| 338 |
_aonline resource _bcr _2rdacarrier |
||
| 490 | _aRoutledge Advances in Art and Visual Studies | ||
| 520 | _aIn an effort to challenge the ways in which colonial power relations and Eurocentric knowledges are reproduced in participatory research, this book explores whether and how it is possible to use arts-based methods for creating more horizontal and democratic research practices. In discussing both the transformative potential and limitations of arts-based methods, the book asks: What can arts-based methods contribute to decolonising participatory research and its processes and practices? The book takes part in ongoing debates related to the need to decolonise research, and investigates practical contributions of arts-based methods in the practice-led research domain. Further, it discusses the role of artistic research in depth, locating it in a decolonising context. The book will be of interest to scholars working in art history, design, fine arts, service design, social sciences and development studies. | ||
| 653 | _aAcademia | ||
| 653 | _aCollaborative | ||
| 653 | _aColonialism | ||
| 653 | _aCommunity | ||
| 653 | _aDecolonial | ||
| 700 | 1 | _aMiettinen, Satu | |
| 700 | 1 | _aSarantou, Melanie | |
| 700 | 1 | _aSeppälä, Tiina | |
| 856 |
_uhttps://docs.google.com/spreadsheets/d/1yKIrdCPDAG_9c22mwoOIO2DOhtj65Wqa/edit?usp=sharing&ouid=106555315294820607512&rtpof=true&sd=true _yList of Curated E-Books |
||
| 942 | _cE-BOOK | ||
| 999 |
_c91799 _d91796 |
||